IMF survey
Gespeichert in:
| Format: | Schriftenreihe |
|---|---|
| Sprache: | Englisch |
| Veröffentlicht: |
Washington
International Monetary Fund
1986
|
| Tags: |
Keine Tags, Fügen Sie das erste Tag hinzu!
|
MARC
| LEADER | 00000nas2a2200000 4500 | ||
|---|---|---|---|
| 001 | s034698 | ||
| 005 | 20250730114145.4 | ||
| 041 | 0 | |a eng | |
| 044 | |a US | ||
| 245 | 1 | 0 | |a IMF survey |
| 264 | 1 | |a Washington |b International Monetary Fund |c 1986 | |
| 300 | |a 1 zv. | ||
| 773 | 0 | |w eu_un_cat*s120209 | |